| 000 | 00354nam a22001457a 4500 | ||
|---|---|---|---|
| 008 | 250114b ||||| |||| 00| 0 eng d | ||
| 020 | _a9789951982177 | ||
| 041 | _aSHQIP | ||
| 080 |
_2070SAB _a070SAB |
||
| 082 | _2070SAB | ||
| 100 | _a18 | ||
| 101 | _aGAZETARI | ||
| 245 |
_aETIKA, MBUROJE E GAZETARISE PROFESIONALE _cSABEDINI MUSA |
||
| 942 |
_2udc _cBK |
||
| 999 |
_c60635 _d60635 |
||